Assuring child support : an extension of social security /

Bibliographic Details
Main Author: Garfinkel, Irwin
Format: Book
Language:English
Published: New York : Russell Sage Foundation, 1992.
Subjects:

MARC

Tag First Indicator Second Indicator Subfields
LEADER 00000cam a22000008a 4500
001 in00001088721
005 20150929204303.0
008 920403s1992 nyu b 001 0 eng
010 |a  92015042  
020 |a 0871543001 :  |c $24.95 
035 |a (OCoLC)25712575 
035 |9 AFT4302AM 
040 |a DLC  |c DLC  |d AKR  |d TXA  |d UtOrBLW 
043 |a n-us--- 
049 |a TXAM 
050 0 0 |a HV741  |b .G38 1992 
082 0 0 |a 362.7/1  |2 20 
100 1 |a Garfinkel, Irwin. 
245 1 0 |a Assuring child support :  |b an extension of social security /  |c Irwin Garfinkel. 
264 1 |a New York :  |b Russell Sage Foundation,  |c 1992. 
300 |a xii, 161 pages ;  |c 24 cm. 
336 |a text  |b txt  |2 rdacontent 
337 |a unmediated  |b n  |2 rdamedia 
338 |a volume  |b nc  |2 rdacarrier 
504 |a Includes bibliographical references and index. 
650 0 |a Child support  |z United States. 
650 0 |a Child support  |x Economic aspects. 
999 |a MARS 
999 f f |s 56823982-60ab-3c26-8551-7f38c893eea7  |i 0ee93f7e-32c8-3f9a-a2eb-795dd10d26d0  |t 0 
952 f f |p ric  |a Texas A&M University  |b Rellis Campus  |c Joint Library Facility  |d Remote Storage  |t 0  |e HV741 .G38 1992  |h Library of Congress classification  |i unmediated -- volume  |m A14816764774 
998 f f |a HV741 .G38 1992  |t 0  |l Remote Storage